000 006280000a22001810004500
003 MACL
005 20160608140121.0
008 160608b xxu||||| |||| 00| 0 eng d
040 _aMACL
_cMACL
041 _aHindi
082 _a920
100 _aश्रीमति शास्‍त्री, ललिता
_963075
245 _aसमर्पित साधिका
_cश्रीमति ललिता शास्‍त्री
260 _bसेवा निकेतन प्रकाशन
_c1999
_aदिल्‍ली
350 _a1001
650 _aBiography
_963076
942 _cHIN
_k920/SHA
_2ddc
999 _c19462
_d19462